[Event "Rated Blitz game"]
[Site "?"]
[Date "2021.04.21"]
[Round "?"]
[White "ronaldpujeda"]
[Black "sonofMaria"]
[Result "1-0"]
[WhiteElo "2408"]
[BlackElo "2423"]
[PlyCount "117"]
[EventDate "2021.??.??"]
[EventType "blitz"]

1. e4 e5 2. Nf3 d5 3. exd5 e4 4. Qe2 Nf6 5. d3 Qxd5 6. Nc3 Bb4 7. Bd2 Bxc3 8.
Bxc3 O-O 9. Bxf6 exf3 10. gxf3 gxf6 11. Rg1+ Kh8 12. O-O-O Bf5 13. f4 Qxa2 14.
Qh5 Bg6 15. Qh4 Nd7 16. Bh3 Qa1+ 17. Kd2 Qa5+ 18. c3 f5 19. Rg5 Qb6 20. Kc1 Qf6
21. Rdg1 Rae8 22. Qh6 Qg7 23. Qh4 Nc5 24. Bxf5 Re2 25. Bxg6 fxg6 26. Rxc5 Rfe8
27. Re5 R2xe5 28. fxe5 Qxe5 29. Rd1 c5 30. d4 cxd4 31. Rxd4 a5 32. Rd7 Qe1+ 33.
Kc2 Qe2+ 34. Rd2 Qe6 35. Qd4+ Kg8 36. Qc5 Qe4+ 37. Kb3 a4+ 38. Ka3 h5 39. Rd7
Qe6 40. Qd5 Qxd5 41. Rxd5 Re2 42. Rd8+ Kg7 43. Rd7+ Kh6 44. Rxb7 Rxf2 45. h4
Rh2 46. Rb4 g5 47. hxg5+ Kxg5 48. Rxa4 h4 49. Ra8 h3 50. Rg8+ Kf6 51. b4 Kf7
52. Rh8 Rh1 53. b5 Kg7 54. Rh4 h2 55. Kb2 Kg6 56. c4 Kg5 57. Rh8 Kg4 58. b6 Kg3
59. b7 {Normal} 1-0

[Event "Rated Blitz game"]
[Site "?"]
[Date "2021.04.21"]
[Round "?"]
[White "Jhulo-Goloran"]
[Black "annaly1979"]
[Result "1-0"]
[WhiteElo "2421"]
[BlackElo "2410"]
[PlyCount "159"]
[EventDate "2021.??.??"]
[EventType "blitz"]

1. e4 e5 2. Nf3 d5 3. exd5 e4 4. Qe2 f5 5. d3 Nf6 6. Nbd2 Be7 7. dxe4 fxe4 8.
Nxe4 Nxe4 9. Qxe4 O-O 10. Be3 Bd6 11. Bd3 Bf5 12. Qd4 Nd7 13. Bxf5 Rxf5 14.
O-O-O h6 15. Qd3 Qf8 16. Nd4 Rxd5 17. Qb3 c6 18. Qxb7 Ne5 19. Nxc6 Rxd1+ 20.
Rxd1 Nxc6 21. Qxc6 Be7 22. Qe6+ Kh8 23. Rd7 Bf6 24. Rf7 Qd8 25. Rd7 Qf8 26. Qd5
Rb8 27. c3 Re8 28. Rxa7 Bg5 29. Bxg5 Re1+ 30. Kc2 hxg5 31. Rf7 Qe8 32. Rf3 Re2+
33. Kd3 g4 34. Re3 Rxe3+ 35. fxe3 Qg6+ 36. e4 Qa6+ 37. Qc4 Qd6+ 38. Kc2 Qxh2
39. Qc8+ Kh7 40. Qxg4 Qg1 41. Qf5+ Kh6 42. Qf3 Qa1 43. Qe3+ Kh7 44. a3 Qf1 45.
Qh3+ Kg8 46. Qf3 Qb5 47. Qd3 Qa4+ 48. Kb1 Qe8 49. Qd5+ Kh8 50. c4 Qg6 51. Qd8+
Kh7 52. Qh4+ Kg8 53. g3 Qc6 54. Qd8+ Kh7 55. Qd5 Qg6 56. Qf5 Kh6 57. Qxg6+ Kxg6
58. a4 Kf6 59. a5 Ke6 60. c5 Kd7 61. b4 Kc6 62. a6 Kb5 63. a7 Kc4 64. a8=Q g5
65. Qd5+ Kc3 66. Qxg5 Kd3 67. c6 Kd4 68. c7 Kd3 69. b5 Ke2 70. b6 Kd3 71. e5
Ke2 72. e6 Kf2 73. e7 Kg2 74. b7 Kg1 75. Qf4 Kg2 76. g4 Kh3 77. g5 Kg2 78. g6
Kg1 79. g7 Kh1 80. Qg4 {Time forfeit} 1-0

[Event "Rated Blitz game"]
[Site "?"]
[Date "2021.04.21"]
[Round "?"]
[White "Spaggo31"]
[Black "anjaya01"]
[Result "1-0"]
[WhiteElo "2297"]
[BlackElo "2432"]
[PlyCount "61"]
[EventDate "2021.??.??"]
[EventType "blitz"]

1. e4 e5 2. Nf3 d5 3. exd5 Bd6 4. d3 f5 5. Nc3 a6 6. Bg5 Nf6 7. Qd2 h6 8. Bxf6
Qxf6 9. O-O-O b5 10. d4 e4 11. Ne5 Nd7 12. f4 O-O 13. Be2 Nb6 14. Rhg1 Bd7 15.
h3 Rae8 16. Rdf1 b4 17. Nd1 Bb5 18. Ne3 Bxe2 19. Qxe2 a5 20. g4 fxg4 21. hxg4
Bxe5 22. dxe5 Qf7 23. g5 hxg5 24. Rxg5 Nxd5 25. Nxd5 Qxd5 26. Rfg1 Re7 27. Qg4
Rff7 28. Qh4 Qxa2 29. Rh1 Qa1+ 30. Kd2 Rd7+ 31. Ke3 {Time forfeit} 1-0

[Event "Rated Blitz game"]
[Site "?"]
[Date "2021.04.21"]
[Round "?"]
[White "VictorMx23"]
[Black "anjaya01"]
[Result "0-1"]
[WhiteElo "2377"]
[BlackElo "2431"]
[PlyCount "78"]
[EventDate "2021.??.??"]
[EventType "blitz"]

1. e4 e5 2. Nf3 d5 3. Nxe5 Bd6 4. d4 dxe4 5. Nc4 f5 6. Nxd6+ Qxd6 7. Nc3 Nf6 8.
Bc4 Be6 9. d5 Bf7 10. Qd4 a6 11. Bg5 Nbd7 12. O-O-O b5 13. Bb3 h6 14. Bxf6 Nxf6
15. f3 exf3 16. Rhe1+ Kf8 17. gxf3 Qxh2 18. f4 Rd8 19. Qc5+ Kg8 20. Qxc7 Rd7
21. Qe5 Kh7 22. Rg1 Bg6 23. Qe6 Qxf4+ 24. Kb1 Rd6 25. Qe7 Re8 26. Qc7 Qe5 27.
a3 f4 28. Rxg6 Kxg6 29. Rg1+ Kf5 30. Rxg7 Rxd5 31. Nxd5 Nxd5 32. Qf7+ Nf6 33.
c3 f3 34. Bc2+ Kf4 35. Rg6 Qe1+ 36. Ka2 Qe6+ 37. Bb3 Qxf7 38. Bxf7 Kf5 39. Bxe8
f2 {Time forfeit} 0-1

[Event "Rated Blitz game"]
[Site "?"]
[Date "2021.04.21"]
[Round "?"]
[White "Pandachess-ru"]
[Black "Senor_de_los_vientos"]
[Result "1/2-1/2"]
[WhiteElo "2572"]
[BlackElo "2383"]
[PlyCount "35"]
[EventDate "2021.??.??"]
[EventType "blitz"]

1. e4 e5 2. Nf3 d5 3. exd5 e4 4. Qe2 Nf6 5. d3 Qxd5 6. Nbd2 Be6 7. dxe4 Qc5 8.
Qb5+ Nc6 9. Qxc5 Bxc5 10. Bb5 O-O-O 11. Bxc6 bxc6 12. Ng5 Ng4 13. O-O h6 14.
Nb3 Bxb3 15. axb3 Nxf2 16. Nxf7 Nh3+ 17. Kh1 Nf2+ 18. Kg1 {Normal} 1/2-1/2

[Event "Rated Blitz game"]
[Site "?"]
[Date "2021.04.21"]
[Round "?"]
[White "NoahSkyler"]
[Black "Slimslik02"]
[Result "1-0"]
[WhiteElo "2458"]
[BlackElo "2371"]
[PlyCount "93"]
[EventDate "2021.??.??"]
[EventType "blitz"]

1. e4 e5 2. Nf3 d5 3. exd5 e4 4. Nd4 Nf6 5. Nc3 Bc5 6. Nb3 Bd6 7. d4 O-O 8. Be2
a5 9. a4 Na6 10. Bg5 Re8 11. Nd2 Bf5 12. g4 Bg6 13. h4 h6 14. Be3 Nb4 15. Bc4
h5 16. g5 Ng4 17. Nf1 Qe7 18. Be2 Nxe3 19. Nxe3 Bf4 20. Bxh5 Bxe3 21. fxe3 Bxh5
22. Qxh5 Nxc2+ 23. Kd2 Nxa1 24. Rxa1 g6 25. Qg4 Qb4 26. Kc2 Qc4 27. h5 Qd3+ 28.
Kb3 Ra6 29. Qe2 Rb6+ 30. Ka3 gxh5 31. Rh1 Qxe2 32. Nxe2 c6 33. Nf4 Kg7 34.
Nxh5+ Kg6 35. Nf6 Rf8 36. Nd7 cxd5 37. Nxb6 Kxg5 38. Nxd5 f5 39. Rg1+ Kh5 40.
Nf4+ Kh6 41. d5 Rc8 42. d6 Rd8 43. Rg6+ Kh7 44. Kb3 b6 45. Kc4 Rd7 46. Kd5 Rd8
47. Kc6 {Normal} 1-0

[Event "Rated Blitz game"]
[Site "?"]
[Date "2021.04.21"]
[Round "?"]
[White "Bifas"]
[Black "magos33"]
[Result "1-0"]
[WhiteElo "2401"]
[BlackElo "2400"]
[PlyCount "69"]
[EventDate "2021.??.??"]
[EventType "blitz"]

1. e4 e5 2. Nf3 d5 3. Nxe5 Bd6 4. d4 dxe4 5. Bf4 Nf6 6. Bc4 O-O 7. Bg5 Bxe5 8.
dxe5 Qxd1+ 9. Kxd1 Ng4 10. Bh4 Nxe5 11. Bb3 Bf5 12. Nc3 Nbd7 13. Bg3 c6 14. Re1
Rad8 15. Ke2 Rfe8 16. Kf1 Nc5 17. Rad1 Rxd1 18. Rxd1 Nxb3 19. axb3 Nd7 20. Ne2
Bg6 21. Rxd7 f5 22. Nf4 Bf7 23. h4 h6 24. h5 e3 25. fxe3 Rxe3 26. Kf2 Re4 27.
Rxb7 a5 28. Rc7 a4 29. bxa4 Rxa4 30. Rxc6 Rb4 31. b3 Rd4 32. c4 Kh7 33. Rc7 Kg8
34. Ke3 Rd1 35. Ng6 {Normal} 1-0

[Event "Rated Blitz game"]
[Site "?"]
[Date "2021.04.21"]
[Round "?"]
[White "LuisFlores_UPC"]
[Black "annaly1979"]
[Result "1-0"]
[WhiteElo "2406"]
[BlackElo "2412"]
[PlyCount "51"]
[EventDate "2021.??.??"]
[EventType "blitz"]

1. e4 e5 2. Nf3 d5 3. Nxe5 Qe7 4. d4 f6 5. Nd3 Nc6 6. c3 Bf5 7. Nc5 Bxe4 8.
Nxe4 Qxe4+ 9. Be3 Bd6 10. Nd2 Qg6 11. g3 Nge7 12. Bg2 h5 13. Qf3 O-O-O 14.
O-O-O h4 15. Bh3+ Kb8 16. Qg4 Qf7 17. Qe6 Qf8 18. Bf5 g6 19. Bc2 f5 20. Bg5 Re8
21. Nf3 h3 22. Rhe1 Rh5 23. Bf6 Nd8 24. Qe2 Qxf6 25. Ne5 Rhh8 26. Nd7+ {Normal}
1-0

[Event "Rated Blitz game"]
[Site "?"]
[Date "2021.04.21"]
[Round "?"]
[White "johanbooij"]
[Black "Slimslik02"]
[Result "1-0"]
[WhiteElo "2442"]
[BlackElo "2348"]
[PlyCount "57"]
[EventDate "2021.??.??"]
[EventType "blitz"]

1. e4 e5 2. Nf3 d5 3. Nxe5 Bd6 4. d4 dxe4 5. Bf4 Nf6 6. Bc4 O-O 7. O-O Ng4 8.
h3 Nxe5 9. dxe5 Bc5 10. Qh5 Be6 11. Bb3 Nc6 12. Nc3 Bxb3 13. axb3 g6 14. Qh6
Re8 15. Rad1 Qe7 16. Nd5 Qe6 17. Nf6+ Qxf6 18. exf6 Bf8 19. Qh4 Ne5 20. Bxe5
Rxe5 21. Rd8 Rh5 22. Rxf8+ Kxf8 23. Qxe4 c6 24. Qe7+ Kg8 25. Rd1 Rd5 26. Rxd5
cxd5 27. Qxb7 Rf8 28. Qxd5 h5 29. c4 {Normal} 1-0

[Event "Rated Blitz game"]
[Site "?"]
[Date "2021.04.21"]
[Round "?"]
[White "ElharesAlaa3"]
[Black "Raschmatt"]
[Result "1-0"]
[WhiteElo "2458"]
[BlackElo "2340"]
[PlyCount "55"]
[EventDate "2021.??.??"]
[EventType "blitz"]

1. e4 e5 2. Nf3 d5 3. exd5 Bd6 4. d4 e4 5. Ne5 Qe7 6. Nc3 Bxe5 7. dxe5 Qxe5 8.
Be3 Nf6 9. Bd4 Qe7 10. Bc4 O-O 11. O-O Bg4 12. Qd2 Nbd7 13. Rfe1 Nb6 14. Bb3
Rad8 15. Qf4 Rfe8 16. Bxf6 Qxf6 17. Qxg4 a5 18. Rxe4 Rxe4 19. Qxe4 a4 20. Nxa4
Nxa4 21. Qxa4 Qxb2 22. Re1 g6 23. h4 Kg7 24. h5 h6 25. hxg6 fxg6 26. Qf4 Qc3
27. Re7+ Kg8 28. Qf7+ {Normal} 1-0

[Event "Rated Blitz game"]
[Site "?"]
[Date "2021.04.21"]
[Round "?"]
[White "CildirtmayinLanBeni"]
[Black "annaly1979"]
[Result "1-0"]
[WhiteElo "2479"]
[BlackElo "2424"]
[PlyCount "121"]
[EventDate "2021.??.??"]
[EventType "blitz"]

1. e4 e5 2. Nf3 d5 3. Nxe5 Qe7 4. d4 f6 5. Nf3 dxe4 6. Nfd2 f5 7. Nc4 Nf6 8.
Nc3 Nc6 9. Bf4 a6 10. a3 Be6 11. Ne5 Nxe5 12. Bxe5 Qf7 13. h3 Bd6 14. Bxd6 cxd6
15. Ne2 O-O 16. Nf4 d5 17. Be2 b5 18. O-O Rac8 19. c3 Bd7 20. h4 Ne8 21. g3 Nd6
22. Qd2 Nc4 23. Bxc4 Rxc4 24. Qe3 Rfc8 25. Nh3 h6 26. Nf4 a5 27. h5 a4 28. Kg2
Bc6 29. Rh1 Qf6 30. Ng6 Be8 31. Ne5 R4c7 32. Rh4 Kh7 33. Rah1 Re7 34. Qf4 Qg5
35. R4h2 Rcc7 36. Qxg5 hxg5 37. f4 g4 38. h6 g6 39. Kf2 Ra7 40. Ke3 Rac7 41.
Rb1 Rc8 42. Rc2 Rec7 43. Kd2 Kh8 44. b3 axb3 45. Rxb3 Kh7 46. Rb4 Ra7 47. Ra2
Rca8 48. Rb3 Ra4 49. Kc2 R4a5 50. Kb2 Ra4 51. Rb4 R8a7 52. Ra1 R7a6 53. Rxa4
Rxa4 54. Kb3 Ra5 55. Kb4 Ra4+ 56. Kc5 Kxh6 57. Kxd5 Kg7 58. Kd6 Ra6+ 59. Ke7
Ra8 60. a4 bxa4 61. c4 {Time forfeit} 1-0

[Event "Rated Blitz tournament XNoVydc8"]
[Site "?"]
[Date "2021.04.21"]
[Round "?"]
[White "hank_29"]
[Black "Killerrhino"]
[Result "0-1"]
[WhiteElo "2238"]
[BlackElo "2407"]
[PlyCount "108"]
[EventDate "2021.??.??"]
[EventType "blitz"]

1. e4 e5 2. Nf3 d5 3. exd5 e4 4. Qe2 Nf6 5. d3 Qxd5 6. Nc3 Bb4 7. dxe4 Qxe4 8.
Bd2 Qxe2+ 9. Bxe2 Bf5 10. O-O-O O-O 11. h3 Nc6 12. g4 Be6 13. g5 Nd5 14. Nxd5
Bxd5 15. Bxb4 Nxb4 16. a3 Bxf3 17. Bxf3 Nc6 18. Bxc6 bxc6 19. Rd7 Rac8 20. Rhd1
f6 21. gxf6 Rxf6 22. Rg1 g6 23. Re1 Rf7 24. Ree7 Rxe7 25. Rxe7 a5 26. Kd2 Rf8
27. Rxc7 Rxf2+ 28. Kd1 Rf3 29. Rxc6 Rxh3 30. c4 Kf7 31. Rd6 Ke7 32. c5 g5 33.
Ra6 g4 34. Ke1 h5 35. Rxa5 g3 36. Kf1 Rh2 37. b4 h4 38. Ra7+ Kf6 39. Rh7 Kg6
40. Rh8 Kg7 41. Rh5 Kg6 42. Rh8 Kg5 43. c6 Rc2 44. b5 Kg4 45. b6 h3 46. Rg8+
Kf3 47. Rf8+ Ke4 48. Re8+ Kd5 49. b7 Rc1+ 50. Ke2 g2 51. b8=Q g1=Q 52. Re5+ Kd4
53. Qd6+ Kc3 54. Qb4+ Kc2 {Time forfeit} 0-1

[Event "Rated Blitz game"]
[Site "?"]
[Date "2021.04.21"]
[Round "?"]
[White "vascodiogo17"]
[Black "chessplayer2346"]
[Result "1-0"]
[WhiteElo "2479"]
[BlackElo "2326"]
[PlyCount "113"]
[EventDate "2021.??.??"]
[EventType "blitz"]

1. e4 e5 2. Nf3 d5 3. d4 dxe4 4. Nxe5 Bd6 5. Nc4 f5 6. Ne3 Nf6 7. c4 O-O 8. c5
Bf4 9. Bc4+ Kh8 10. Nc3 Nc6 11. d5 Ne5 12. Be2 Bxe3 13. Bxe3 Nfg4 14. Bxg4 Nxg4
15. Bd4 Qh4 16. h3 Nf6 17. Qb3 f4 18. O-O-O b6 19. c6 a5 20. Rhe1 Bf5 21. Bxf6
Rxf6 22. Nxe4 Bxe4 23. Rxe4 Qxf2 24. Qc2 Qg3 25. Rd3 Qg5 26. Qd2 h6 27. Rf3
Raf8 28. Rd4 Rd6 29. Kc2 Qf5+ 30. Qd3 Qxd3+ 31. Kxd3 g5 32. Kc4 Kg7 33. Rf2 Kg6
34. Kb5 Rf5 35. Rfd2 Re5 36. Ka6 Kf5 37. Kb7 Re7 38. Rd1 h5 39. a3 g4 40. hxg4+
hxg4 41. Rf1 Re4 42. Rxe4 Kxe4 43. Kxc7 Rxd5 44. Kxb6 Rd2 45. b4 axb4 46. axb4
Rxg2 47. Rc1 Rh2 48. c7 Rh8 49. Kc6 g3 50. b5 f3 51. b6 f2 52. b7 g2 53. c8=Q
Rxc8+ 54. bxc8=Q g1=Q 55. Qe6+ Kf3 56. Rc3+ Kg2 57. Qg4+ {Normal} 1-0

[Event "Rated Blitz game"]
[Site "?"]
[Date "2021.04.21"]
[Round "?"]
[White "limerik"]
[Black "shadow144"]
[Result "0-1"]
[WhiteElo "2347"]
[BlackElo "2437"]
[PlyCount "46"]
[EventDate "2021.??.??"]
[EventType "blitz"]

1. e4 e5 2. Nf3 d5 3. Nxe5 dxe4 4. Be2 Nf6 5. O-O Nbd7 6. Nxd7 Bxd7 7. d3 Be7
8. Nc3 exd3 9. Bxd3 Bg4 10. Be2 Be6 11. Be3 O-O 12. Qxd8 Rfxd8 13. Rad1 a5 14.
Rxd8+ Bxd8 15. Rd1 c6 16. a4 Bf5 17. Bd3 Be6 18. Bg5 h6 19. Bh4 g5 20. Bg3 Bb6
21. Ne4 Nxe4 22. Bxe4 f5 23. Rd6 Kf7 {Time forfeit} 0-1

[Event "Rated Blitz game"]
[Site "?"]
[Date "2021.04.21"]
[Round "?"]
[White "Shahnazcity"]
[Black "anjaya01"]
[Result "1-0"]
[WhiteElo "2446"]
[BlackElo "2418"]
[PlyCount "79"]
[EventDate "2021.??.??"]
[EventType "blitz"]

1. e4 e5 2. Nf3 d5 3. exd5 Bd6 4. d4 e4 5. Ne5 Nd7 6. f4 Qe7 7. c4 b6 8. Nc3 f5
9. Be3 Ngf6 10. Be2 O-O 11. a3 a5 12. O-O Kh8 13. b4 axb4 14. axb4 Rxa1 15.
Qxa1 Bxb4 16. Nc6 Bxc3 17. Nxe7 Bxa1 18. Rxa1 Bb7 19. Ra7 Rb8 20. Nc6 Bxc6 21.
dxc6 Nf8 22. Rxc7 Ne6 23. Rb7 Rxb7 24. cxb7 Nd7 25. c5 bxc5 26. dxc5 Nd8 27. c6
Nxc6 28. Bb5 Ndb8 29. Bxc6 Nxc6 30. Bd4 Kg8 31. Be5 Kf7 32. b8=Q Nxb8 33. Bxb8
Ke6 34. Be5 g5 35. Kf2 gxf4 36. Bxf4 Kf6 37. Ke3 Ke6 38. Kd4 Kf6 39. Kd5 Kg6
40. Ke6 {Normal} 1-0

[Event "Rated Blitz game"]
[Site "?"]
[Date "2021.04.21"]
[Round "?"]
[White "Valandir"]
[Black "Slimslik02"]
[Result "1-0"]
[WhiteElo "2430"]
[BlackElo "2340"]
[PlyCount "43"]
[EventDate "2021.??.??"]
[EventType "blitz"]

1. e4 e5 2. Nf3 d5 3. exd5 e4 4. Qe2 Nf6 5. d3 Bb4+ 6. c3 Bc5 7. dxe4 O-O 8.
Bg5 h6 9. Bh4 g5 10. Bg3 Re8 11. Nbd2 Nxd5 12. O-O-O Nf6 13. e5 Nh5 14. Ne4 Qe7
15. Nfxg5 Nxg3 16. hxg3 Qxe5 17. Nf6+ Qxf6 18. Qxe8+ Kg7 19. Ne4 Bd7 20. Nxf6
Bxe8 21. Nxe8+ Kf8 22. Nxc7 {Normal} 1-0

[Event "Rated Blitz game"]
[Site "?"]
[Date "2021.04.21"]
[Round "?"]
[White "Nikkkita"]
[Black "pasha1984"]
[Result "1-0"]
[WhiteElo "2415"]
[BlackElo "2450"]
[PlyCount "119"]
[EventDate "2021.??.??"]
[EventType "blitz"]

1. e4 e5 2. Nf3 d5 3. d4 dxe4 4. Nxe5 Bd6 5. Bc4 Bxe5 6. Qh5 Qe7 7. dxe5 g6 8.
Qe2 Nc6 9. O-O Nxe5 10. Qxe4 Nxc4 11. Qxc4 Be6 12. Qb5+ c6 13. Qa4 Nf6 14. Bh6
Ng4 15. Bg7 Rg8 16. Bc3 Qc7 17. g3 b5 18. Qe4 O-O-O 19. Nd2 Bf5 20. Qb4 a5 21.
Qxa5 Qxa5 22. Bxa5 Rd7 23. Nb3 Ne5 24. Kg2 Bxc2 25. Nc5 Rd5 26. b4 Nc4 27. Rac1
Nxa5 28. Rxc2 Nc4 29. a4 Rgd8 30. axb5 cxb5 31. Ra1 Rd2 32. Ra8+ Kc7 33. Ra7+
Kb6 34. Rb7+ Kc6 35. Rxd2 Rxd2 36. Rxf7 Rb2 37. Na6 Ne3+ 38. Kf3 Nd5 39. Rxh7
Nxb4 40. Nxb4+ Rxb4 41. h4 Rb3+ 42. Kg4 b4 43. Rg7 Rb2 44. f4 Kd5 45. Rxg6 b3
46. Rb6 Kc5 47. Rb8 Kc4 48. h5 Rh2 49. f5 b2 50. Kg5 Kd5 51. g4 Ke5 52. Rb5+
Kd6 53. f6 Ke6 54. Kg6 Rg2 55. g5 Rh2 56. Rb6+ Kd7 57. f7 Ke7 58. Kg7 Rf2 59.
g6 Rf5 60. Rxb2 {Time forfeit} 1-0

[Event "Rated Blitz game"]
[Site "?"]
[Date "2021.04.21"]
[Round "?"]
[White "chessblogger"]
[Black "annaly1979"]
[Result "0-1"]
[WhiteElo "2439"]
[BlackElo "2402"]
[PlyCount "36"]
[EventDate "2021.??.??"]
[EventType "blitz"]

1. e4 e5 2. Nf3 d5 3. Nxe5 Qe7 4. d4 f6 5. Nd3 Nc6 6. Be3 dxe4 7. Nf4 f5 8. Nc3
Nf6 9. Bb5 a6 10. Ba4 b5 11. Bb3 Na5 12. Ncd5 Nxd5 13. Bxd5 c6 14. Qd2 Qc7 15.
Bb3 Bd6 16. O-O Nxb3 17. axb3 O-O 18. Ne2 f4 {Normal} 0-1

[Event "Rated Blitz game"]
[Site "?"]
[Date "2021.04.21"]
[Round "?"]
[White "dukodlak"]
[Black "annaly1979"]
[Result "0-1"]
[WhiteElo "2446"]
[BlackElo "2410"]
[PlyCount "140"]
[EventDate "2021.??.??"]
[EventType "blitz"]

1. e4 e5 2. Nf3 d5 3. Nxe5 Qe7 4. d4 f6 5. Nf3 dxe4 6. Ng1 f5 7. Bf4 Nf6 8. c3
Nc6 9. Bc4 Be6 10. Qe2 O-O-O 11. Nd2 h6 12. h3 g5 13. Bh2 Bg7 14. Bxe6+ Qxe6
15. Qc4 Nd5 16. O-O-O Rhe8 17. Ne2 f4 18. Nb3 e3 19. f3 Qf5 20. Nc5 Nb6 21. Qd3
Qf7 22. Kb1 Bf8 23. Ne4 Nc4 24. g3 N6e5 25. Qc2 Nxf3 26. gxf4 gxf4 27. Nxf4
Nfd2+ 28. Nxd2 Nxd2+ 29. Ka1 Bd6 30. Ne2 Qf2 31. Bxd6 Rxd6 32. Rhe1 Rde6 33. d5
Rd6 34. c4 b6 35. Nd4 Rf8 36. Ne6 Rf7 37. Qd3 Re7 38. Qxe3 Qxe3 39. Rxe3 Nxc4
40. Re4 b5 41. Nc5 Rxe4 42. Nxe4 Rg6 43. b3 Nd6 44. Nxd6+ Rxd6 45. Kb2 c6 46.
Kc3 Kc7 47. Rg1 Rxd5 48. Rg7+ Rd7 49. Rg6 Rd6 50. Rg7+ Kb6 51. b4 a5 52. a3 a4
53. Rf7 Rg6 54. Rf3 h5 55. Re3 h4 56. Kb2 Rg3 57. Re8 Rxh3 58. Rb8+ Kc7 59. Rh8
Rb3+ 60. Ka2 h3 61. Rh6 Rg3 62. Kb2 Rg2+ 63. Kc3 h2 64. Kd3 Ra2 65. Kd4 Rxa3
66. Rxh2 Rb3 67. Rh7+ Kb6 68. Rh8 Rxb4+ 69. Kc3 Rc4+ 70. Kb2 b4 {Normal} 0-1

[Event "Rated Blitz game"]
[Site "?"]
[Date "2021.04.20"]
[Round "?"]
[White "Babnik"]
[Black "anjaya01"]
[Result "1-0"]
[WhiteElo "2496"]
[BlackElo "2447"]
[PlyCount "73"]
[EventDate "2021.??.??"]
[EventType "blitz"]

1. e4 e5 2. Nf3 d5 3. Nxe5 Bd6 4. d4 dxe4 5. Nc3 Bxe5 6. dxe5 Qxd1+ 7. Nxd1 Nc6
8. Bf4 Nge7 9. Bc4 Be6 10. Bxe6 fxe6 11. Nc3 Ng6 12. Bg3 h5 13. h4 O-O-O 14.
Nxe4 Rd4 15. Ng5 Re8 16. c3 Ra4 17. b3 Ra5 18. O-O Ra3 19. Rfe1 Re7 20. Re2 a5
21. Rd1 a4 22. Rb1 b6 23. f4 Na5 24. Reb2 Nf8 25. Be1 Nd7 26. c4 Nc6 27. Ne4
Rf7 28. g3 axb3 29. axb3 Nd4 30. Kg2 Nc5 31. Nxc5 bxc5 32. Bf2 c6 33. b4 Rb7
34. bxc5 Rxb2 35. Rxb2 Nb3 36. Be1 Nxc5 37. Bb4 {Normal} 1-0

[Event "Rated Blitz game"]
[Site "?"]
[Date "2021.04.20"]
[Round "?"]
[White "KING-SOLOMUN1"]
[Black "blastol"]
[Result "1-0"]
[WhiteElo "2339"]
[BlackElo "2429"]
[PlyCount "127"]
[EventDate "2021.??.??"]
[EventType "blitz"]

1. e4 e5 2. Nf3 d5 3. Nxe5 Bd6 4. d4 dxe4 5. Nc4 f5 6. Nxd6+ Qxd6 7. c4 Nf6 8.
Nc3 O-O 9. g3 a6 10. Bf4 Qd8 11. d5 Nbd7 12. h4 Nc5 13. b4 Nd3+ 14. Bxd3 exd3
15. Qxd3 Re8+ 16. Kf1 Ne4 17. Rd1 Qf6 18. Nxe4 fxe4 19. Qd4 Qg6 20. h5 Qg4 21.
Re1 Qf3 22. Rh4 Bg4 23. h6 gxh6 24. Rxh6 Qd3+ 25. Qxd3 exd3 26. Bd2 Be2+ 27.
Kg2 Re4 28. Rh4 Rae8 29. Rxe4 Rxe4 30. Rc1 Kf7 31. f3 Re8 32. Kf2 Kf6 33. Bf4
Kf5 34. Bd2 Ke5 35. Bc3+ Kf5 36. Bd2 Ke5 37. Bc3+ Kf5 38. Rh1 Kg6 39. Bd2 Rf8
40. f4 Re8 41. Re1 Re4 42. Rc1 Kf5 43. a3 h5 44. c5 Bg4 45. Be3 Kf6 46. Re1 Be2
47. Bd2 Rc4 48. Rc1 Re4 49. Bc3+ Kf5 50. Re1 Rc4 51. Be5 Rc2 52. Ke3 Ra2 53.
Bc3 Rxa3 54. Bd2 Rb3 55. d6 cxd6 56. cxd6 Ke6 57. Rc1 Kxd6 58. Rc5 Rb2 59. Rg5
h4 60. Rg6+ Kc7 61. gxh4 Kd7 62. Rg7+ Ke8 63. Rxb7 Kf8 64. Rb8+ {Time forfeit}
1-0

[Event "Rated Blitz game"]
[Site "?"]
[Date "2021.04.20"]
[Round "?"]
[White "mindiashvili"]
[Black "gammadrill"]
[Result "0-1"]
[WhiteElo "2478"]
[BlackElo "2459"]
[PlyCount "82"]
[EventDate "2021.??.??"]
[EventType "blitz"]

1. e4 e5 2. Nf3 d5 3. d4 dxe4 4. Nxe5 Nc6 5. Bb5 Bd7 6. Nxd7 Qxd7 7. Be3 a6 8.
Bc4 b5 9. Bb3 Na5 10. O-O Nxb3 11. axb3 Nf6 12. c4 c6 13. Nc3 Bb4 14. Bg5 Bxc3
15. bxc3 bxc4 16. Bxf6 gxf6 17. bxc4 Qe6 18. c5 O-O 19. Re1 f5 20. Rb1 a5 21.
Rb6 a4 22. Qc2 a3 23. Ra1 Ra5 24. c4 Rfa8 25. d5 Qe5 26. Qa2 cxd5 27. cxd5 Rxc5
28. d6 Qd4 29. Rb7 Rd5 30. h3 f4 31. Re1 e3 32. fxe3 fxe3 33. Kh1 Kh8 34. Rxf7
Rxd6 35. Qb1 Rg6 36. Qb7 Qh4 37. Qxa8+ Rg8 38. Qa5 Qd4 39. Qxa3 e2 40. Qa1 Qxa1
41. Rxa1 Rd8 {Time forfeit} 0-1

[Event "Rated Blitz tournament 6zILzqAd"]
[Site "?"]
[Date "2021.04.20"]
[Round "?"]
[White "VadimCernov"]
[Black "cuerosky"]
[Result "1-0"]
[WhiteElo "2609"]
[BlackElo "2237"]
[PlyCount "79"]
[EventDate "2021.??.??"]
[EventType "blitz"]

1. e4 e5 2. Nf3 d5 3. Nxe5 Bd6 4. d4 dxe4 5. Bc4 Bxe5 6. Qh5 Qe7 7. Qxe5 Qxe5
8. dxe5 Nc6 9. Nc3 Nxe5 10. Bb3 Bf5 11. Bf4 f6 12. O-O-O Ne7 13. Nb5 Rc8 14.
Nxa7 Ra8 15. Nb5 Rc8 16. Rhe1 Bg4 17. Rd2 Bd7 18. Nc3 N7g6 19. Bxe5 fxe5 20.
Nxe4 Bc6 21. f3 Ke7 22. c3 b6 23. g3 Rhf8 24. f4 Bxe4 25. Rxe4 Kf6 26. fxe5+
Ke7 27. e6 Rcd8 28. Rxd8 Rxd8 29. Kc2 c5 30. Ra4 Kd6 31. Ra7 Ne7 32. Rb7 g5 33.
Rxb6+ Ke5 34. Rb7 Kd6 35. a4 h5 36. a5 Nc6 37. a6 Ra8 38. Rd7+ Ke5 39. e7 Kf6
40. Bd5 {Normal} 1-0

[Event "Rated Blitz game"]
[Site "?"]
[Date "2021.04.20"]
[Round "?"]
[White "polgaTR"]
[Black "blastol"]
[Result "0-1"]
[WhiteElo "2325"]
[BlackElo "2429"]
[PlyCount "50"]
[EventDate "2021.??.??"]
[EventType "blitz"]

1. e4 e5 2. Nf3 d5 3. d3 Bd6 4. Nc3 f5 5. exd5 Nf6 6. Be2 O-O 7. O-O Qe8 8. Bg5
e4 9. dxe4 fxe4 10. Nd4 Qe5 11. f4 exf3 12. Nxf3 Qe8 13. Bd3 Qh5 14. h3 Bc5+
15. Kh2 Bxh3 16. gxh3 Ng4+ 17. Kg2 h6 18. hxg4 Qxg4+ 19. Kh2 Bd6+ 20. Kh1 Qh3+
21. Kg1 Qg3+ 22. Kh1 Rxf3 23. Qe2 Qh3+ 24. Kg1 Bc5+ 25. Rf2 Rg3# {Normal} 0-1

[Event "Rated Blitz game"]
[Site "?"]
[Date "2021.04.20"]
[Round "?"]
[White "Moztiger"]
[Black "annaly1979"]
[Result "1-0"]
[WhiteElo "2553"]
[BlackElo "2413"]
[PlyCount "119"]
[EventDate "2021.??.??"]
[EventType "blitz"]

1. e4 e5 2. Nf3 d5 3. Nxe5 Qe7 4. d4 f6 5. Nd3 Nc6 6. Be3 dxe4 7. Nf4 f5 8. Bc4
Nf6 9. Nc3 Qd8 10. h4 Bd6 11. a3 Bd7 12. Qe2 Bxf4 13. Bxf4 a6 14. O-O-O Qe7 15.
Bxc7 Rc8 16. Bf4 b5 17. Bb3 Na5 18. Kb1 Nc4 19. Bxc4 Rxc4 20. Qd2 O-O 21. d5
Rfc8 22. d6 Qf7 23. Be5 Be6 24. f3 Nd7 25. Qf4 exf3 26. Qg3 fxg2 27. Rhg1 Rg4
28. Qe1 h5 29. Bd4 Qf8 30. Qf2 Rc4 31. Ne2 Qc8 32. c3 a5 33. Rxg2 b4 34. Nf4
Nf8 35. Nxh5 bxa3 36. Nxg7 Rcxd4 37. Rxd4 Kxg7 38. Rgxg4+ fxg4 39. Qe3 a2+ 40.
Ka1 Qc6 41. Qg5+ Ng6 42. Rd1 Qf3 43. Rc1 Qf4 44. Qxf4 Nxf4 45. c4 g3 46. c5 g2
47. c6 Nd5 48. d7 Bxd7 49. cxd7 Ne3 50. d8=Q Nc2+ 51. Kxa2 Nb4+ 52. Kb3 Nd3 53.
Qg5+ Kh7 54. Qf5+ Kh6 55. Qxd3 Kh5 56. Rg1 a4+ 57. Ka2 Kxh4 58. Rxg2 Kh5 59.
Qg3 a3 60. Rh2# {Normal} 1-0